2048 - Statistics

General Stats
  • This quiz has been taken 214 times
  • The average score is 10 of 11
Answer Stats
Next Answer % Correct
Put in 2 2
100%
Next 4
98%
Next 8
98%
Next 16
95%
Next 32
95%
Next 64
94%
Next 128
91%
Next 256
82%
Next 512
75%
Next 1024
68%
Next 2048
68%
No matching quizzes found
Score Distribution
Percent of People with Each Score
Percentile by Number Answered
Your Score History
You have not taken this quiz